000
00227nam a22000857a 4500
008
160823b xxu||||| |||| 00| 0 eng d
100
_9
221
_a
Gupta A
245
_a
Illustrated World Quiz Book
260
_a
New Delhi
_b
Maanu Graphics
_c
2012
999
_c
2878
_d
2878